000 01029nam a22002297a 4500
999 _c6988
_d6988
003 AR-CdUCM
008 190319b ||||| |||| 00| 0 eng d
040 _aMUNICIPALIDAD PROVINCIAL DEL CUSCO
_cBIBLIOTECA MUNICIPAL DEL CUSCO
082 _23ed.
_a709 /
_bP56
100 _aPijoán, José
_918769
245 _aSumma Artis, Historia general del arte :
_bEl Arte Cristiano Primitivo. Arte Bizantino, hasta el saqueo de Constantinopla por los Cruzados el año 1204 /
260 _aMadrid
_bEspasa-Calpe, S.A.,
_c1954.
300 _a592 páginas ;
_bIlustraciones en color y b/n.
_c27 cm.
505 _aContenido: Antecedentes del arte cristiano -- El arte cristiano primitivo -- El arte cristiano imperial -- La primera edad de oro del arte bizantino -- La segunda edad de oro del arte bizantino...
650 _aHistoria del Arte
_91647
650 _aPintura
_93081
650 _aArte cristiano
_919704
650 _aArte bizantino
_919705
650 _aArte cristiano primitivo
_919706
942 _2ddc
_cLIBROS
945 _anom